Ce que tragédie et tragique veulent dire dans les écrits théoriques du XVIe siècle (notice n° 1654544)
[ vue normale ]
| 000 -LEADER | |
|---|---|
| fixed length control field | 01812cam a2200157 4500500 |
| 005 - DATE AND TIME OF LATEST TRANSACTION | |
| control field | 20260208005942.0 |
| 041 ## - LANGUAGE CODE | |
| Language code of text/sound track or separate title | fre |
| 042 ## - AUTHENTICATION CODE | |
| Authentication code | dc |
| 100 10 - MAIN ENTRY--PERSONAL NAME | |
| Personal name | Mazouer, Charles |
| Relator term | author |
| 245 00 - TITLE STATEMENT | |
| Title | Ce que tragédie et tragique veulent dire dans les écrits théoriques du XVIe siècle |
| 260 ## - PUBLICATION, DISTRIBUTION, ETC. | |
| Date of publication, distribution, etc. | 2009.<br/> |
| 500 ## - GENERAL NOTE | |
| General note | 84 |
| 520 ## - SUMMARY, ETC. | |
| Summary, etc. | Pour qui cherche à connaître — en oubliant provisoirement toute la méditation moderne sur le tragique lancée par l’idéalisme allemand — la conception que les gens du XVIe siècle se faisaient du tragique et de la tragédie, les écrits théoriques sur le genre tragique, mais aussi tout ce paratexte de dédicaces et d’avis au lecteur qui accompagnait la publication des tragédies, sont riches d’enseignement. Il est vrai que le XVIe siècle donne à la notion de tragédie une large extension : l’histoire et la vie contemporaine sont tragiques ; et la tragédie déborde du genre théâtral pour envahir la nouvelle. Et toujours avec des conceptions proches de celles que mettent en valeur les écrits théoriques sur le théâtre tragique proprement dit. Ceux-ci développent trois thématiques essentielles : la tragédie est spectacle du malheur, en particulier des grands — auxquels ne le cantonnaient pas les Histoires tragiques ; elle propose une leçon morale, à tous mais particulièrement aux grands qui s’y voient comme en un miroir ; elle montre finalement la puissance de cette instance métaphysique qu’est la Fortune, avec toutes les discussions attachés au concept, réprouvé par les chrétiens. |
| 786 0# - DATA SOURCE ENTRY | |
| Note | Revue d'histoire littéraire de la France | 109 | 1 | 2009-02-17 | p. 71-84 | 0035-2411 |
| 856 41 - ELECTRONIC LOCATION AND ACCESS | |
| Uniform Resource Identifier | <a href="https://shs.cairn.info/revue-d-histoire-litteraire-de-la-france-2009-1-page-71?lang=fr&redirect-ssocas=7080">https://shs.cairn.info/revue-d-histoire-litteraire-de-la-france-2009-1-page-71?lang=fr&redirect-ssocas=7080</a> |
Pas d'exemplaire disponible.




Réseaux sociaux